Programming in ANSI C by E Balagurusamy (Record no. 1211720)
[ view plain ]
| 000 -LEADER | |
|---|---|
| fixed length control field | 01085nam a2200301Ia 4500 |
| 003 - CONTROL NUMBER IDENTIFIER | |
| control field | OSt |
| 005 - DATE AND TIME OF LATEST TRANSACTION | |
| control field | 20221007123335.0 |
| 008 - FIXED-LENGTH DATA ELEMENTS--GENERAL INFORMATION | |
| fixed length control field | 221006b |||||||| |||| 00| 0 eng d |
| 020 ## - INTERNATIONAL STANDARD BOOK NUMBER | |
| International Standard Book Number | 0074604015 (pbk) |
| 037 ## - SOURCE OF ACQUISITION | |
| Terms of availability | Textual |
| 040 ## - CATALOGING SOURCE | |
| Original cataloging agency | PAPL |
| Transcribing agency | PAPL |
| Language of cataloging | eng |
| 041 ## - LANGUAGE CODE | |
| Source of code | eng |
| Language code of text/sound track or separate title | eng |
| 100 ## - MAIN ENTRY--PERSONAL NAME | |
| Personal name | Balagurusamy E |
| 245 #0 - TITLE STATEMENT | |
| Title | Programming in ANSI C by E Balagurusamy |
| 250 ## - EDITION STATEMENT | |
| Edition statement | Ed 2 |
| 260 ## - PUBLICATION, DISTRIBUTION, ETC. | |
| Place of publication, distribution, etc. | New |
| Name of publisher, distributor, etc. | Delhi Tata McGraw-Hill Publishing Company Limited |
| Date of publication, distribution, etc. | 1992 |
| 300 ## - PHYSICAL DESCRIPTION | |
| Extent | xi,411p |
| Dimensions | cm. |
| 500 ## - GENERAL NOTE | |
| General note | Appendix I-III, 393-403p; Bibliography p404; Index 405-411p; ^n23/CSL/CARPA/2001-2002/360^d2001-10-07^mPurchase; ; 2001-2002/235^b2001-10-23^c059/01^d2001-10-10^eRs.1,476.00^fN R Book Distributors; ; 2001-01-03^bSB^c2002-02-15^dRPS |
| 650 ## - SUBJECT ADDED ENTRY--TOPICAL TERM | |
| Topical term or geographic name entry element | C |
| 9 (RLIN) | 717115 |
| 650 ## - SUBJECT ADDED ENTRY--TOPICAL TERM | |
| Topical term or geographic name entry element | Programming language |
| 9 (RLIN) | 713700 |
| 650 ## - SUBJECT ADDED ENTRY--TOPICAL TERM | |
| Topical term or geographic name entry element | Computer science |
| 942 ## - ADDED ENTRY ELEMENTS (KOHA) | |
| Classification part | D65,8(B)92CL, N2 |
| Koha item type | Textual |
| Source of classification or shelving scheme | Colon Classification (CC) |
| Withdrawn status | Lost status | Source of classification or shelving scheme | Damaged status | Not for loan | Home library | Current library | Date acquired | Source of acquisition | Total Checkouts | Full call number | Barcode | Date last seen | Price effective from | Koha item type |
|---|---|---|---|---|---|---|---|---|---|---|---|---|---|---|
| Colon Classification (CC) | Department of Physics and Astrophysics Library | Department of Physics and Astrophysics Library | 2022-10-07 | N R Book, | D65,8(B)92CL N2 | PA0005283 | 2022-10-07 | 2022-10-07 | Textual |
